000 01246nam0a2200289 4500
001 RU\NLR\BIBL_A\011470159
005 20260405231512.0
010 _a978-5-906701-98-5
_91000
021 _aRU
_b2017-55238
_93931
035 _a(NLR Aleph) 011470159
090 _a11850583
_c11850583
100 _a20170912d2017 |||y0rusy50 ca
101 0 _atat
102 _aRU
105 _aa z 000 y
200 1 _aДуслык
_e[балалар өчен әкиятләр]
_fЛилия Фәрхетдинова
_g[рәссамы Светлана Маликова]
210 _aКазан
_cИхлас
_d2017
215 _a16 б.
_cил.
_d21
541 1 _6z01790
_a[Дружба
_eсказки для детей].
_zrus
686 1 _aШ9(2)6=Татар-2
700 1 _4070
_7ca
_8tat
_aФәрхетдинова
_bЛ. Н. кызы
_f1971-
_gЛилия Нәсыйх кызы
_9191707
_3RU\NLR\AUTH\770191758
702 1 _4440
_7ca
_8rus
_aМаликова
_bС.
_cхудожник
_gСветлана
_988352
_3RU\NLR\AUTH\77105427
790 1 _4070
_7ca
_8rus
_aФархутдинова
_bЛ. Н.
_f1971-
_gЛилия Насиховна
_9191708
_3RU\NLR\AUTH\770191759
852 _aNLR
_bОНЛ
_jТатар./3-14973
942 _cBOOK
980 _aNB